header

The skeptical sublime (Record no. 50108)

MARC details
000 -LEADER
fixed length control field 01599nam a2200373 a 4500
082 04 - DEWEY DECIMAL CLASSIFICATION NUMBER
Classification number 821/.509384
100 1# - MAIN ENTRY--AUTHOR NAME
Personal name Noggle, James.
245 14 - TITLE STATEMENT
Title The skeptical sublime
260 ## - PUBLICATION, DISTRIBUTION, ETC. (IMPRINT)
Place of publication Oxford ;
-- New York :
Name of publisher Oxford University Press,
Year of publication 2001.
300 ## - PHYSICAL DESCRIPTION
Number of Pages ix, 269 p.
650 #0 - SUBJECT ADDED ENTRY--TOPICAL TERM
Topical Term English poetry
Topical Term Verse satire, English
Topical Term Politics and literature
Topical Term Sublime, The, in literature.
Topical Term Skepticism in literature.
Topical Term Aesthetics in literature.
856 40 - ELECTRONIC LOCATION AND ACCESS
Uniform Resource Identifier http://site.ebrary.com/lib/rucke/Doc?id=10084838

No items available.

© 2026 Rongo University
Contact us: librarian | system librarian | Rongo university